Регионална библиотека "Любен Каравелов" - Русе

Сатанински строфи (Запис номер 27902)

MARC детайли
000 -Лидер
Контролно поле с фиксирана дължина 01489nam a2200361 c 4500
003 - Код на организацията, давaща контролен номер
Контролно поле BLK
005 - Дата и час на последна редакция
Контролно поле 20250120101108.0
008 - Елементи от данни с фиксирана дължина
fixed length control field 180407b bul|||||r ||||||| ||bul||
010 ## - Наследен системен номер
LC control number KNG00030487000
020 ## - Международен стандартен номер на книга ISBN
Международен стандартен номер на книга ISBN 954-507-122-2
040 ## - Източник на каталожния запис
Идентификатор на билиотеката - собственик на записа BLK
041 ## - Код за език
Код за езика на текст/звукозапис или на отделно заглавие Български
Код за езика КДБФ Български
080 ## - УДК
Текстов определител УДК Английска литература
УДК код - определител по УДК 821.111
УДК определител -31
УДК - код + определител 821.111-31
080 ## - УДК
Текстов определител УДК Индийска литература
УДК код - определител по УДК 821.21
УДК определител -054.7-31
УДК - код + определител 821.21-054.7-31
100 1# - Редна дума - Автор
Автор Рушди, Салман
Авторска отговорност първи автор
R(LIN) 117901
139 ## - Редно поле
Редна дума Рушди, Салман
Авторски знак Русо - Р 96
245 10 - Сведения за заглавието
Заглавие Сатанински строфи
Подзаглавни данни Роман
Редно поле (дума) Салман Рушди; прев. от англ. Асен Георгиев Георгиев; предг. от Джордж Лукас; предг. от Пол Бриън.
257 ## - Страна на издаване
Страна на създаване/издаване Великобритания
-- Индия
260 ## - Област на издателските данни
Име на издателя, разпространителя и проч. Гуторанов и син
Година на издаване 1999
Печатница Враца : Полипринт
300 ## - Физическа характеристика
Страници 576 с.
Размери/Мащаб 23 см
380 ## - Жанр
Жанр Худож. лит.
500 ## - Общи забележки
Забележка Ориг. загл. The Satanic Verses / Salman Rushdie. - Офс. изд.
700 1# - Други автори (авторска отговорност)
Лично име Георгиев, Асен Георгиев
Автороска отговорност (Описва отношението между автора и произведението) прев. от англ.
9 (RLIN) 269488
700 1# - Други автори (авторска отговорност)
Лично име Лукас, Джордж
Автороска отговорност (Описва отношението между автора и произведението) предг. от
9 (RLIN) 269489
700 1# - Други автори (авторска отговорност)
Лично име Бриън, Пол
Автороска отговорност (Описва отношението между автора и произведението) предг. от
9 (RLIN) 43350
852 ## - Местоположение
Форматна сигнатура Цб 203319
856 4# - Електронен адрес и достъп
Електронен формат pdf - файл
856 4# - Електронен адрес и достъп
Електронен формат pdf - файл
999 ## - СИСТЕМНИ КОНТРОЛНИ НОМЕРА
Koha biblionumber 27902
Koha biblioitemnumber 27902
942 ## - АРТИКУЛИ
Вид на библиотечния материал Книги
Скрит в OPAC Не
Koha issues (borrowed), all copies 12
Периодичен библиозапис Да
944 ## - СЪЗДАВАНЕ И РЕДАКЦИЯ на ЗАПИСА
Създаване/Редакция Създаване
Дата на регистрацията/редакция 15.01.2003
Статус, дата на статуса Мартин Енчев
Служител, извършил регистрацията/редакцията 30575
944 ## - СЪЗДАВАНЕ И РЕДАКЦИЯ на ЗАПИСА
Създаване/Редакция Редакция
Дата на регистрацията/редакция 09.04.2012
Статус, дата на статуса ф /
999 ## - СИСТЕМНИ КОНТРОЛНИ НОМЕРА
Koha biblioitemnumber 27902
Наличности
Код за отписване Код за изгубен артикул Източник на класификационната схема Код за повреда Коз за рестрикции Код за отдаване Артикулен № Име на библиотеката - собственик Име на библиотеката, в която се намира в момента Статус (Текущо местоположение) Дата на вписване в системата Местоположение - отдел Цена в лева Инвентарен номер Систематично азбучна сигнатура Баркод Номер на екземпляра Цена в евро Служебна бележка Служебен тип на артикула
  Не е изгубен Universal Decimal Classification Не е повреден без рестрикции ползва се в читалня 44977 Регионална библиотека "Любен Каравелов" Русе Регионална библиотека "Любен Каравелов" Русе Хранилище 2001-01-01 Хранилище 15.00 653286 Цб 203319 120000653286 1 7.67 Дост: Dp Вид: Д N: стар фонд Дата: 01.01.1999 Книги
  Не е изгубен Universal Decimal Classification Не е повреден без рестрикции заемане за дома 44978 Регионална библиотека "Любен Каравелов" Русе Регионална библиотека "Любен Каравелов" Русе Заемна - подръчен фонд 2001-01-01 Заемна - подръчен фонд 15.00 655031 П 821-31/Р 96 120000655031 2 7.67 Дост: Pk Вид: Ф N: стар фонд Дата: 01.01.1999 Дата инв: 21.02.2018 Бележки инв: П2018 Книги
Vip Innovations Ltd, Rousse, Bulgaria 2025